Countries that End in "O" - Statistics

General Stats
  • This quiz has been taken 2,401 times
    2,359 since last reset
  • The average score is 8 of 12
Answer Stats
Answer % Correct
Togo
80%
Lesotho
75%
Kosovo
73%
Morocco
70%
Monaco
69%
Mexico
65%
Democratic Republic of the Congo
64%
Republic of the Congo
64%
Montenegro
59%
San Marino
53%
Burkina Faso
47%
Trinidad and Tobago
47%
No matching quizzes found
Score Distribution
Percent of People with Each Score
Percentile by Number Answered
Your Score History
You have not taken this quiz since the last reset